000 00779cam a2200205 a 4500
020 _a1564321509 (pbk.)
040 _cOWpDIAFB
082 0 0 _a323 HRW 1995 C141 Or.
245 0 0 _aCambodia at war /
260 _aNew York :
_bHuman Rights Watch,
_cc1995.
300 _a166 p. ;
_c23 cm.
500 _a"This report was written by Dinah PoKempner"--P. vii.
500 _a"The Arms Project was established in 1992 to monitor and prevent arms transfers to governments ... grossly violating internationally recognized human rights and the laws of war ..."--T.p. verso.
650 0 _aHuman rights
700 1 _aPoKempner, Dinah.
710 2 _aHuman Rights Watch/Asia.
710 2 _aArms Project (Human Rights Watch)
710 2 _aHuman Rights Watch (Organization)
942 _cEK
999 _c18280
_d18280